000 00516nam a2200169Ia 4500
999 _c28249
_d28249
003 OSt
005 20201215143303.0
008 190216s9999||||xx |||||||||||||| ||und||
040 _coclc
082 _a894.8124
_bNAI/E
100 _aNair, P K Parameswaran
_96023
245 0 _aEaka Bharathathinte Deepashighakal /
_cP K Parameswaran Nair
260 _bPoorna Publications,
_c1985.
_aKozhikode:
300 _a169p
650 _aLekhanam
942 _cBK
_2ddc
_h894.8124
_iNAI/E
_k894.8124
_mNAI/E